000170247 001__ 170247
000170247 005__ 20260410165450.0
000170247 0248_ $$2sideral$$a96962
000170247 037__ $$aART-2012-96962
000170247 041__ $$aita
000170247 100__ $$aAsti, Anna
000170247 245__ $$a7art Maths: un progetto vincente
000170247 260__ $$c2012
000170247 540__ $$9info:eu-repo/semantics/closedAccess$$aAll rights reserved$$uhttp://www.europeana.eu/rights/rr-f/
000170247 655_4 $$ainfo:eu-repo/semantics/article$$vinfo:eu-repo/semantics/publishedVersion
000170247 700__ $$0(orcid)0000-0002-1275-9976$$aBeltrán Pellicer, Pablo
000170247 773__ $$g35 (2012), 10-12$$pX Tangente$$tX laTangente$$x1971-0445
000170247 8564_ $$s2687623$$uhttps://zaguan.unizar.es/record/170247/files/texto_completo.pdf$$yVersión publicada
000170247 8564_ $$s3373488$$uhttps://zaguan.unizar.es/record/170247/files/texto_completo.jpg?subformat=icon$$xicon$$yVersión publicada
000170247 909CO $$ooai:zaguan.unizar.es:170247$$particulos$$pdriver
000170247 951__ $$a2026-04-10-13:45:06
000170247 980__ $$aARTICLE